Filosofía más allá de la academia : estado del arte de las prácticas /

Na minha lista:
Detalhes bibliográficos
Autor principal: Sarmiento Aponte, Ingrid (autora.)
Outros Autores: Orjuela Hernández, Zaida Johanna (autora.), Cortés Sandoval, Jonathan René (autor.)
Formato: livro eletrônico
Idioma:espanhol
Publicado em: Bogotá : Sello Editorial UNAD, 2022.
Assuntos:
Acesso em linha:https://elibro.unach.elogim.com/es/lc/unach/titulos/288156
Tags: Adicionar Tag
Sem tags, seja o primeiro a adicionar uma tag!

MARC

LEADER 00000nam a2200000 i 4500
001 ELB288156
003 FINmELB
005 20251022150000.5
006 m o d |
007 cr cnu||||||||
008 251025s2022 ck o 001 0 spa d
020 |a 9789586518826  |q (e-book) 
035 |a (OCoLC)1553197600 
040 |a FINmELB  |b spa  |e rda  |c FINmELB 
050 4 |a B52  |b F55 2022 
080 |a 101.1 
082 0 4 |a 100  |2 23 
100 1 |a Sarmiento Aponte, Ingrid,  |e autora. 
245 1 0 |a Filosofía más allá de la academia :  |b estado del arte de las prácticas /  |c Ingrid Sarmiento Aponte, Zaida Johanna Orjuela Hernández, Jonathan René Cortés Sandoval. 
264 1 |a Bogotá :  |b Sello Editorial UNAD,  |c 2022. 
300 |a 1 recurso en línea (125 páginas) 
336 |a texto  |b txt  |2 rdacontent/spa 
337 |a computadora  |b c  |2 rdamedia/spa 
338 |a recurso en línea  |b cr  |2 rdacarrier/spa 
500 |a Incluye índice. 
588 |a Descripción basada en metadatos suministrados por el editor y otras fuentes. 
590 |a Recurso electrónico. Santa Fe, Arg.: elibro, 2025. Disponible vía World Wide Web. El acceso puede estar limitado para las bibliotecas afiliadas a elibro. 
650 4 |a Filosofía  |v Práctica. 
650 4 |a Filosofía  |x Investigación. 
655 4 |a Libros electrónicos. 
700 1 |a Orjuela Hernández, Zaida Johanna,  |e autora. 
700 1 |a Cortés Sandoval, Jonathan René,  |e autor. 
797 2 |a elibro, Corp. 
856 4 0 |u https://elibro.unach.elogim.com/es/lc/unach/titulos/288156